00562nam a2200205 a 450000100060000000300090000600800410001502000150005604000280007108200090009910000270010824500300013526000650016530000070023049000250023759000360026265000290029894200120032799900170033913773CO-ViMGA141112s2004 ck r 000 u spa d a9580505276 aCO-ViMGAbspacCO-ViMGA04aGRIt1 aGrimm, Hermanos92005810aLos tres pelos del diablo aSantafé de Bogotá : bEducar Cultural Recreativa, c1999 a24 aCuentos para soñar aForma de adquisición : Compra14aCUENTOS INFANTILES92743 2ddccBK c24483d24483